000
00224 a2200097 4500
001
28316
100
_a
Theraja, B L
245
_a
Text Book of Electrical Technology
260
_a
_b
Niraj Parakashan
_c
090
_c
18925
_d
18925
942
_a
NUST-CAE
_c
M
_c
9919
999
_c
263389
_d
263389